| 000 | 00539nam a22001577a 4500 | ||
|---|---|---|---|
| 003 | NUST | ||
| 082 | _a670 | ||
| 100 |
_aHassan ,Riaz ul _9122466 |
||
| 245 |
_aPrototype Design for Integrated Sterilizer and Shredder (ISS) / _cRiaz ul Hassan |
||
| 264 |
_aIslamabad: _bSMME- NUST. _c2015. |
||
| 300 |
_a49p. ; _bSoft Copy, _c30cm. |
||
| 650 |
_aMS Design and Manufacturing Engineering _9119567 |
||
| 700 |
_aSupervisor : Dr. Liaqat Ali _9120042 |
||
| 856 | _uhttp://10.250.8.41:8080/xmlui/handle/123456789/28224 | ||
| 942 |
_2ddc _cTHE |
||
| 999 |
_c608948 _d608948 |
||